[Event "ROM-chTA"]
[Site "Olanesti"]
[Date "2012.10.07"]
[Round "2.5"]
[White "Vasile, Claudiu Daniel"]
[Black "Manicuta, Monica"]
[Result "1-0"]
[WhiteElo "2110"]
[BlackElo "2117"]
[PlyCount "38"]
[EventDate "2012.10.06"]
[EventType "team-tourn"]
[EventRounds "9"]
[EventCountry "ROU"]
[SourceTitle "CBM 150 Extra"]
[Source "ChessBase"]
[SourceDate "2012.10.19"]
[SourceVersion "1"]
[SourceVersionDate "2012.10.19"]
[SourceQuality "1"]
[WhiteTeam "Otopeni"]
[BlackTeam "Bucharest"]
[WhiteTeamCountry "ROU"]
[BlackTeamCountry "ROU"]

1. e4 c5 2. Nf3 d6 3. d4 cxd4 4. Nxd4 Nc6 5. Nc3 Nf6 6. Bg5 e6 7. Qd2 Be7 8. 0-0-0 Bd7 9. Ndb5 Qa5 10. Bxf6 gxf6 11. Nxd6+ Bxd6 12. Qxd6 0-0-0 13. Qf4 e5 14. Qe3 Be6 15. Rxd8+ Rxd8 16. a3 Nd4 17. Bd3 b5 18. Nxb5 Nc6 19. Qc5 Rh8 1-0

[Event "ROM-ch (Women)"]
[Site "Amara"]
[Date "2007.02.20"]
[Round "6"]
[White "Manicuta, Monica"]
[Black "Traistaru, Teodora"]
[Result "1/2-1/2"]
[WhiteElo "2163"]
[BlackElo "2144"]
[PlyCount "40"]
[EventDate "2007.02.16"]
[EventType "swiss"]
[EventRounds "9"]
[EventCountry "ROU"]
[SourceTitle "EXT 2010"]
[Source "ChessBase"]
[SourceDate "2010.11.25"]
[SourceVersion "1"]
[SourceVersionDate "2010.11.25"]
[SourceQuality "1"]

1. c4 c6 2. d4 d5 3. cxd5 cxd5 4. Nc3 Nf6 5. Nf3 e6 6. Bg5 Qb6 7. Qb3 Qxb3 8. axb3 Bd7 9. e3 Bb4 10. Bxf6 gxf6 11. Bd3 Nc6 12. 0-0 f5 13. Na4 Na5 14. Bc2 Rc8 15. Rfc1 Bxa4 16. bxa4 Ke7 17. Bd1 Nc4 18. b3 Nd6 19. Kf1 Ne4 20. Ne5 a5 1/2-1/2

[Event "ROM-ch (Women)"]
[Site "Amara"]
[Date "2007.02.18"]
[Round "4"]
[White "Manicuta, Monica"]
[Black "Florea, Dorina"]
[Result "0-1"]
[WhiteElo "2163"]
[BlackElo "1953"]
[PlyCount "96"]
[EventDate "2007.02.16"]
[EventType "swiss"]
[EventRounds "9"]
[EventCountry "ROU"]
[SourceTitle "EXT 2010"]
[Source "ChessBase"]
[SourceDate "2010.11.25"]
[SourceVersion "1"]
[SourceVersionDate "2010.11.25"]
[SourceQuality "1"]

1. e4 c5 2. g3 Nc6 3. Bg2 Nf6 4. d3 d5 5. Nd2 e5 6. c3 d4 7. c4 Bd6 8. a3 Bg4 9. Ne2 Qd7 10. h3 Be6 11. Nf3 h6 12. Bd2 a6 13. g4 0-0-0 14. Ng3 Rde8 15. g5 hxg5 16. Nxg5 Kb8 17. Nxe6 Qxe6 18. Qe2 g6 19. 0-0-0 Nh5 20. Nxh5 Rxh5 21. Rde1 Reh8 22. Rhf1 Qe7 23. b3 Bc7 24. Kc2 Ba5 25. f4 Bxd2 26. Qxd2 exf4 27. Rxf4 Ne5 28. Ref1 Rg5 29. Qf2 Qc7 30. h4 Ng4 31. Rxg4 Rxg4 32. e5 Rhxh4 33. Be4 f5 34. exf6 Rh2 35. f7 Rxf2+ 36. Rxf2 Rf4 37. f8Q+ Rxf8 38. Rxf8+ Ka7 39. Rf2 g5 40. Rg2 Qf4 41. b4 b6 42. bxc5 bxc5 43. Kd1 g4 44. a4 Kb6 45. Rb2+ Ka5 46. Rg2 g3 47. Ke1 Kxa4 48. Ra2+ Kb3 0-1

[Event "ROM-ch (Women)"]
[Site "Amara"]
[Date "2007.02.17"]
[Round "2"]
[White "Ionica, Iulia Ionela"]
[Black "Manicuta, Monica"]
[Result "1-0"]
[WhiteElo "2243"]
[BlackElo "2163"]
[PlyCount "95"]
[EventDate "2007.02.16"]
[EventType "swiss"]
[EventRounds "9"]
[EventCountry "ROU"]
[SourceTitle "EXT 2010"]
[Source "ChessBase"]
[SourceDate "2010.11.25"]
[SourceVersion "1"]
[SourceVersionDate "2010.11.25"]
[SourceQuality "1"]

1. e4 c5 2. Nf3 d6 3. d4 cxd4 4. Nxd4 Nf6 5. Nc3 a6 6. a4 b6 7. Bd3 Bb7 8. 0-0 g6 9. f4 Bg7 10. Be3 Nbd7 11. Kh1 0-0 12. Qe2 Nc5 13. Bg1 e5 14. Nb3 Qc7 15. fxe5 dxe5 16. Nxc5 bxc5 17. Bc4 Kh8 18. Rad1 Rab8 19. b3 a5 20. Nb5 Qc6 21. Rd6 Qxe4 22. Rdxf6 Bxf6 23. Rxf6 Qxe2 24. Bxe2 Kg7 25. Rd6 Rbc8 26. Be3 Rfd8 27. Kg1 h6 28. Kf2 f5 29. Bxc5 Rxd6 30. Bxd6 Rxc2 31. Bxe5+ Kf8 32. Nd4 Ra2 33. Bc7 Ke7 34. Bxa5 Kd6 35. Nb5+ Kd7 36. g3 Rb2 37. Nd4 Bd5 38. Bc3 Rb1 39. b4 Rh1 40. Bb5+ Kc7 41. Nf3 g5 42. a5 g4 43. Be5+ Kb7 44. Nd4 Rxh2+ 45. Ke3 Rb2 46. Bd6 Be4 47. a6+ Kc8 48. Bc6 1-0

[Event "ROM-ch (Women)"]
[Site "Predeal"]
[Date "2006.12.02"]
[Round "6"]
[White "Adoamnei, Roxana Antonela"]
[Black "Manicuta, Monica"]
[Result "0-1"]
[WhiteElo "2030"]
[BlackElo "2151"]
[PlyCount "94"]
[EventDate "2006.11.27"]
[EventType "swiss"]
[EventRounds "11"]
[EventCountry "ROU"]
[SourceTitle "CBM 115 Extra"]
[Source "ChessBase"]
[SourceDate "2007.01.10"]
[SourceVersion "1"]
[SourceVersionDate "2007.01.10"]
[SourceQuality "1"]

1. d4 g6 2. Nf3 Bg7 3. c4 d6 4. Nc3 Nf6 5. e4 0-0 6. h3 c6 7. Bg5 a6 8. a4 a5 9. Bd3 Na6 10. Rc1 e5 11. d5 h6 12. Be3 Nb4 13. Bb1 cxd5 14. cxd5 Ne8 15. Qd2 Kh7 16. g4 b6 17. Na2 Na6 18. b4 axb4 19. Nxb4 Nc5 20. Nc6 Qc7 21. a5 Nb3 22. Qb2 Nxc1 23. Bxb6 Qd7 24. Qxc1 Ba6 25. Kd2 Nf6 26. Qb2 Qb7 27. Qa3 Nd7 28. Be3 Nc5 29. Bxc5 dxc5 30. Qxc5 Qb5 31. Qxb5 Bxb5 32. Nfxe5 Bxe5 33. Nxe5 Rxa5 34. Rc1 Ra7 35. f4 Kg7 36. h4 f6 37. Nf3 Bd7 38. Nd4 Ra3 39. f5 g5 40. h5 Rc8 41. Ne6+ Kf7 42. Rxc8 Bxc8 43. Bd3 Ke7 44. Be2 Ba6 45. Bxa6 Rxa6 46. Ke3 Ra3+ 47. Kf2 Ra1 0-1

[Event "Predeal op"]
[Site "Predeal"]
[Date "2006.08.14"]
[Round "4"]
[White "Ardeleanu, Alin"]
[Black "Manicuta, Monica"]
[Result "1-0"]
[WhiteElo "2424"]
[BlackElo "2151"]
[PlyCount "141"]
[EventDate "2006.08.12"]
[EventType "swiss"]
[EventRounds "9"]
[EventCountry "ROU"]
[SourceTitle "CBM 113 Extra"]
[Source "ChessBase"]
[SourceDate "2006.09.14"]
[SourceVersion "1"]
[SourceVersionDate "2006.09.14"]
[SourceQuality "1"]

1. e4 c5 2. Nf3 Nc6 3. Bb5 g6 4. 0-0 Bg7 5. c3 Nf6 6. e5 Nd5 7. d4 cxd4 8. cxd4 0-0 9. Nc3 Nc7 10. Ba4 d5 11. h3 Na5 12. Bc2 b5 13. Re1 Rb8 14. b3 Bd7 15. a3 Bc6 16. Na2 Ne6 17. Bd2 Bb7 18. Nb4 Qb6 19. Be3 Rbc8 20. Qd2 Rfd8 21. Rec1 Rd7 22. Bd1 Rdc7 23. Rxc7 Rxc7 24. a4 bxa4 25. Rxa4 Rd7 26. Qa2 Nc6 27. Nxc6 Bxc6 28. Ra6 Qb7 29. Be2 Rc7 30. Ra5 Bf8 31. Ne1 Ng7 32. g4 f5 33. Nd3 Ne6 34. Kh2 h6 35. Bf3 f4 36. Nxf4 Nxf4 37. Bxf4 e6 38. Be2 Bb4 39. Ra6 g5 40. Be3 Kf8 41. h4 Rg7 42. Qc2 Bd7 43. hxg5 hxg5 44. Kg2 Ke8 45. Ra1 a5 46. Rh1 Qc6 47. Rh8+ Kf7 48. Qd3 Qc3 49. Rh5 Qxd3 50. Bxd3 Bc3 51. Rh1 a4 52. bxa4 Bxa4 53. Rc1 Bb2 54. Rb1 Bc3 55. Rc1 Bb4 56. Rc7+ Be7 57. Bd2 Bd1 58. Kg3 Kf8 59. Rc8+ Kf7 60. Rc7 Kf8 61. Rc1 Ba4 62. Ra1 Bb3 63. Ra8+ Kf7 64. Bb5 Rg8 65. Ra7 Rb8 66. Bxg5 Rxb5 67. Rxe7+ Kf8 68. Rxe6 Bc4 69. Rf6+ Ke8 70. Be3 Rb1 71. Kf4 1-0

[Event "ROM-chT"]
[Site "Baile Tusnad"]
[Date "2005.05.29"]
[Round "9"]
[White "Bollengier, Andreea"]
[Black "Manicuta, Monica"]
[Result "0-1"]
[WhiteElo "2216"]
[BlackElo "2091"]
[PlyCount "72"]
[EventDate "2005.05.21"]
[EventType "team-tourn"]
[EventRounds "9"]
[EventCountry "ROU"]
[SourceTitle "CBM 106 Extra"]
[Source "ChessBase"]
[SourceDate "2005.07.01"]
[SourceVersion "1"]
[SourceVersionDate "2005.07.01"]
[SourceQuality "1"]

1. e4 c5 2. Nf3 d6 3. d4 cxd4 4. Nxd4 Nf6 5. Nc3 g6 6. Be3 Bg7 7. f3 0-0 8. Qd2 Nc6 9. 0-0-0 d5 10. exd5 Nxd5 11. Nxc6 bxc6 12. Bd4 e5 13. Bc5 Be6 14. Ne4 h6 15. g4 Re8 16. h4 Qc7 17. g5 h5 18. Bc4 Red8 19. Qe1 Rab8 20. b3 a5 21. a4 Nf4 22. Bxe6 Nxe6 23. Bd6 Rxd6 24. Nxd6 Nd4 25. Nc4 Nxf3 26. Qxa5 Qe7 27. Rd6 Nxh4 28. Rxc6 Qxg5+ 29. Qd2 Qg4 30. Qd6 Re8 31. a5 e4 32. a6 Qg5+ 33. Kb1 e3 34. Nxe3 Qxe3 35. Rc7 Qe1+ 36. Qd1 Qe5 0-1

[Event "ROM-chT"]
[Site "Baile Tusnad"]
[Date "2005.05.23"]
[Round "3"]
[White "Ionita, Anduena"]
[Black "Manicuta, Monica"]
[Result "0-1"]
[WhiteElo "2044"]
[BlackElo "2091"]
[PlyCount "132"]
[EventDate "2005.05.21"]
[EventType "team-tourn"]
[EventRounds "9"]
[EventCountry "ROU"]
[SourceTitle "CBM 106 Extra"]
[Source "ChessBase"]
[SourceDate "2005.07.01"]
[SourceVersion "1"]
[SourceVersionDate "2005.07.01"]
[SourceQuality "1"]

1. e4 c5 2. Nc3 Nc6 3. f4 g6 4. Nf3 Bg7 5. Bc4 d6 6. d3 e6 7. 0-0 Nge7 8. Qe1 0-0 9. f5 d5 10. Bb3 Na5 11. Qh4 Nxb3 12. axb3 exf5 13. exd5 Nxd5 14. Nxd5 Qxd5 15. Bh6 f6 16. Bxg7 Kxg7 17. Rfe1 Be6 18. Qg3 a6 19. Ra5 Rf7 20. d4 b6 21. c4 Qb7 22. Raa1 Bd7 23. d5 Re8 24. Qd6 Rxe1+ 25. Rxe1 Bc8 26. Qf4 b5 27. Re2 bxc4 28. bxc4 Qb3 29. Kf2 a5 30. Qc1 a4 31. Re3 Qb4 32. Ne1 Ba6 33. Rc3 Qb8 34. g3 Qe5 35. Nd3 Qd4+ 36. Qe3 Rc7 37. Nf4 Bc8 38. Ne2 Qxe3+ 39. Kxe3 Rb7 40. Rc2 Rb3+ 41. Kd2 g5 42. Nc3 Bd7 43. Kc1 Kf7 44. Re2 Rb4 45. d6 Be6 46. g4 Rxc4 47. gxf5 Bxf5 48. Re7+ Kf8 49. Ra7 Ke8 50. Rxa4 Rxa4 51. Nxa4 Kd7 52. Nxc5+ Kxd6 53. Nb3 Kd5 54. Kd2 Be4 55. Nc1 f5 56. Ne2 f4 57. Nc3+ Ke5 58. b4 Bb7 59. Ne2 h5 60. b5 g4 61. b6 h4 62. Ke1 g3 63. hxg3 fxg3 64. Kf1 Ke4 65. Ng1 Kf4 66. Ne2+ Kg4 0-1

[Event "ROM-ch (Women)"]
[Site "Satu Mare"]
[Date "2003.09.07"]
[Round "3.1"]
[White "Manicuta, Monica"]
[Black "Olarasu, Gabriela"]
[Result "1/2-1/2"]
[WhiteElo "2122"]
[BlackElo "2305"]
[PlyCount "62"]
[EventDate "2003.09.01"]
[EventType "k.o."]
[EventRounds "4"]
[EventCountry "ROU"]
[SourceTitle "CBM 096 Extra"]
[Source "ChessBase"]
[SourceDate "2003.10.22"]
[SourceVersion "2"]
[SourceVersionDate "2003.10.20"]
[SourceQuality "1"]

1. Nf3 Nf6 2. b3 d5 3. Bb2 Bg4 4. g3 e6 5. Bg2 Be7 6. 0-0 0-0 7. d3 c6 8. Nbd2 Nbd7 9. h3 Bxf3 10. Bxf3 e5 11. e4 dxe4 12. dxe4 Qc7 13. Qe2 Rfe8 14. Rfd1 Bf8 15. Nc4 b5 16. Ne3 Nc5 17. Ng4 Nfd7 18. h4 h5 19. Ne3 Nf6 20. Nf1 g6 21. Bg2 Ne6 22. c3 Rad8 23. f3 Rxd1 24. Rxd1 Rd8 25. Bc1 Rxd1 26. Qxd1 Qa5 27. Qc2 Qd8 28. Be3 Bc5 29. Kh2 Bxe3 30. Nxe3 Qd6 31. Bf1 Kf8 1/2-1/2

[Event "Miskolc Avas op 7th"]
[Site "Miskolc"]
[Date "2002.07.26"]
[Round "4"]
[White "Manicuta, Monica"]
[Black "Sikula, Vaszilij"]
[Result "0-1"]
[WhiteElo "2087"]
[BlackElo "2423"]
[PlyCount "86"]
[EventDate "2002.07.??"]
[EventType "swiss"]
[EventRounds "7"]
[EventCountry "HUN"]
[SourceTitle "EXT 2004"]
[Source "ChessBase"]
[SourceDate "2003.11.25"]
[SourceVersion "1"]
[SourceVersionDate "2003.11.25"]
[SourceQuality "1"]

1. g3 e5 2. Bg2 Nc6 3. c4 g6 4. Nc3 Bg7 5. d3 Nf6 6. e4 0-0 7. Nge2 Nh5 8. 0-0 f5 9. exf5 gxf5 10. f4 d6 11. Nd5 Be6 12. Nec3 Nf6 13. Rb1 Qd7 14. b4 Ng4 15. h3 Nh6 16. Kh2 Kh8 17. Ne2 Qf7 18. b5 Nd8 19. Ng1 c6 20. bxc6 bxc6 21. Nb4 Bd7 22. Nc2 Qg6 23. Nf3 Bf6 24. Qe1 Nhf7 25. Rf2 Ne6 26. Be3 Rg8 27. Re2 Rg7 28. Rb7 Nfd8 29. Rb1 a5 30. Nd2 h5 31. Nf3 h4 32. gxh4 exf4 33. Bg1 Nf7 34. d4 Rag8 35. Kh1 Qh5 36. Rb3 c5 37. d5 Nf8 38. Bh2 Ng6 39. Qd2 Nfe5 40. Nce1 Nxc4 41. Qc1 Ne3 42. Bxf4 Nxf4 43. Qxe3 Nxe2 0-1

[Event "ROM-ch sf U18 Girls"]
[Site "Buzias"]
[Date "2002.03.22"]
[Round "5"]
[White "L'Ami, Alina"]
[Black "Manicuta, Monica"]
[Result "1-0"]
[WhiteElo "2222"]
[BlackElo "2092"]
[PlyCount "87"]
[EventDate "2002.03.18"]
[EventType "swiss"]
[EventRounds "9"]
[EventCountry "ROU"]
[SourceTitle "EXT 2008"]
[Source "ChessBase"]
[SourceDate "2007.11.25"]
[SourceVersion "1"]
[SourceVersionDate "2007.11.25"]
[SourceQuality "1"]

1. d4 Nf6 2. c4 g6 3. Nc3 Bg7 4. e4 d6 5. h3 0-0 6. Bg5 h6 7. Be3 e5 8. d5 c6 9. Bd3 cxd5 10. cxd5 Nbd7 11. Nge2 Nc5 12. Bc2 a5 13. a3 Bd7 14. 0-0 Ne8 15. Qd2 Kh7 16. g4 a4 17. f3 b5 18. Na2 Nc7 19. Nb4 Rc8 20. f4 exf4 21. Bxf4 Nb7 22. Nc3 Na8 23. Bd3 Be8 24. Rae1 Nc5 25. e5 dxe5 26. Bxe5 Bxe5 27. Rxe5 Nxd3 28. Qxd3 Bd7 29. d6 Be6 30. Nbd5 Nb6 31. Nf6+ Kg7 32. Rxb5 Nd7 33. Nce4 Rc4 34. Rb7 Ne5 35. Qg3 Qa5 36. d7 Rd8 37. Ne8+ Kf8 38. N8d6 Rc2 39. Qe3 Nxd7 40. Qxh6+ Ke7 41. Qg7 Qd5 42. Qf6+ Kf8 43. Qxd8+ Kg7 44. Ne8+ 1-0

[Event "ROM-chT"]
[Site "Eforie Nord"]
[Date "2002.??.??"]
[Round "1"]
[White "Manicuta, Monica"]
[Black "Szabo, Gergely Andras"]
[Result "0-1"]
[WhiteElo "2092"]
[BlackElo "2250"]
[PlyCount "76"]
[EventDate "2002.??.??"]
[EventType "team-tourn"]
[EventRounds "5"]
[EventCountry "ROU"]
[SourceTitle "EXT 2003"]
[Source "ChessBase"]
[SourceDate "2002.11.25"]
[SourceVersion "1"]
[SourceVersionDate "2002.11.25"]
[SourceQuality "1"]

1. e4 c5 2. g3 g6 3. Bg2 Bg7 4. f4 d6 5. d3 Nc6 6. Nf3 Bg4 7. c3 e5 8. 0-0 Nge7 9. Be3 b6 10. Nbd2 d5 11. h3 Bxf3 12. Nxf3 d4 13. cxd4 exf4 14. gxf4 Nxd4 15. Nxd4 Bxd4 16. Qa4+ Qd7 17. Qxd7+ Kxd7 18. Bxd4 cxd4 19. Rac1 Rac8 20. h4 Kd6 21. e5+ Ke6 22. Bh3+ Nf5 23. Kf2 f6 24. exf6 Kxf6 25. Bxf5 Kxf5 26. Kf3 Rxc1 27. Rxc1 Re8 28. Rc7 Re3+ 29. Kf2 Rxd3 30. Rxa7 Rd2+ 31. Kf3 Rxb2 32. Rd7 Rxa2 33. Rxd4 Ra3+ 34. Kg2 Kg4 35. Rb4 Ra2+ 36. Kf1 Kf3 37. Rb3+ Kxf4 38. Rxb6 Rh2 0-1

[Event "ROM-ch sf (Women)"]
[Site "Sovata"]
[Date "2001.03.16"]
[Round "7"]
[White "Manicuta, Monica"]
[Black "Mosnegutu, Mariana"]
[Result "0-1"]
[WhiteElo "2135"]
[BlackElo "2241"]
[PlyCount "104"]
[EventDate "2001.03.10"]
[EventType "swiss"]
[EventRounds "9"]
[EventCountry "ROU"]
[SourceTitle "EXT 2008"]
[Source "ChessBase"]
[SourceDate "2007.11.25"]
[SourceVersion "1"]
[SourceVersionDate "2007.11.25"]
[SourceQuality "1"]

1. f4 d5 2. Nf3 c5 3. e3 Nc6 4. d4 Bg4 5. c3 e6 6. Bd3 Nf6 7. 0-0 Bd6 8. Qe1 Bxf3 9. Rxf3 Qc7 10. Nd2 cxd4 11. cxd4 0-0-0 12. a3 Qb6 13. Rb1 a5 14. b4 axb4 15. axb4 Nxb4 16. Qe2 Qa7 17. Rb3 Nc6 18. Bb2 Kd7 19. Rf1 Ke7 20. Ra1 Qb8 21. Ba3 Bxa3 22. Raxa3 Qc7 23. Ra2 Ra8 24. Rab2 Ra7 25. g3 h5 26. Nf3 Ng4 27. h3 Nf6 28. Qc2 Nd7 29. Kg2 Rc8 30. Rc3 Qa5 31. Rcb3 Qc7 32. Rb5 b6 33. f5 Ra3 34. fxe6 fxe6 35. R5b3 Rxb3 36. Qxb3 Na5 37. Qb4+ Qd6 38. Bg6 Nc4 39. Qxd6+ Kxd6 40. Re2 Nf6 41. Ng5 b5 42. e4 dxe4 43. Nxe4+ Nxe4 44. Rxe4 Kd5 45. Rh4 Rb8 46. Bxh5 b4 47. Bf3+ Kd6 48. Re4 Nd2 49. Re2 Nxf3 50. Kxf3 b3 51. Rb2 Kd5 52. Ke3 Kc4 0-1